Managerial Economics: (Record no. 587713)

000 -LEADER
fixed length control field 00498nam a22001577a 4500
020 ## - INTERNATIONAL STANDARD BOOK NUMBER
International Standard Book Number 0199467064
082 ## - DEWEY DECIMAL CLASSIFICATION NUMBER
Classification number 338.5024658
Author Mark SAL
100 ## - MAIN ENTRY--PERSONAL NAME
Personal name Salvatore, Dominick
245 ## - TITLE STATEMENT
Title Managerial Economics:
Remainder of title Principles and Worldwide Applications /
Statement of responsibility, etc. Dominick Salvatore and Siddhartha K. Rastogi
250 ## - EDITION STATEMENT
Edition statement 8th Edition.
260 ## - PUBLICATION, DISTRIBUTION, ETC.
Place of publication, distribution, etc. New Delhi:
Name of publisher, distributor, etc. Oxford University,
Date of publication, distribution, etc. 2017.
300 ## - PHYSICAL DESCRIPTION
Extent 613p. ;
Dimensions 24 cm.
942 ## - ADDED ENTRY ELEMENTS (KOHA)
Source of classification or shelving scheme
Koha item type Book
Holdings
Withdrawn status Lost status Source of classification or shelving scheme Damaged status Not for loan Permanent Location Current Location Shelving location Date acquired Source of acquisition Total Checkouts Total Renewals Full call number Barcode Date last seen Price effective from Koha item type
          Central Library (CL) Central Library (CL) Economics 01/26/2022 Donated by Rector Secretariat   2 338.5024658 SAL CL-D-1438 06/10/2022 01/26/2022 Book
© 2023 Central Library, National University of Sciences and Technology. All Rights Reserved.